[Event "Madrid ch Veteranos  2019-2020"]
[Site "Maddrid ESP"]
[Date "2020.01.23"]
[Round "9.1"]
[White "Elissalt Cardenas, Hector"]
[Black "Lorenzo Bailador, Alfredo"]
[Result "1-0"]
[WhiteElo "2270"]
[BlackElo "2019"]
[PlyCount "73"]
[EventDate "2020.01.13"]
[EventType "swiss"]
[EventRounds "9"]
[EventCountry "ESP"]
[SourceTitle "Ajedrez en Madrid"]
[Source "lmi"]
[SourceDate "2020.01.13"]
[SourceVersion "1"]
[SourceVersionDate "2020.01.27"]
[SourceQuality "1"]

1. c4 e6 2. Nf3 d5 3. b3 Nf6 4. Bb2 c5 5. g3 Nc6 6. e3 d4 7. exd4 cxd4 8. Bg2
e5 9. d3 Bd6 10. O-O O-O 11. a3 a5 12. Nbd2 Qc7 13. Re1 Bf5 14. Qc2 b6 15. Ng5
Rae8 16. Nge4 Nxe4 17. Nxe4 Bc5 18. Qe2 h6 19. Bc1 Qc8 20. Nxc5 bxc5 21. Qf3
Bd7 22. Bd2 Re6 23. Qe2 Qc7 24. Qh5 Rfe8 25. Bd5 Rf6 26. f4 exf4 27. Rxe8+ Bxe8
28. Bxf4 Qb6 29. Re1 Bd7 30. Be4 Qxb3 31. Qxc5 Qc3 32. Rc1 Qb2 33. Qb5 Qxa3 34.
Rb1 Qe7 35. h4 Re6 36. Qd5 f6 37. Rb7 1-0

[Event "Madrid ch Veteranos  2019-2020"]
[Site "Maddrid ESP"]
[Date "2020.01.23"]
[Round "9.2"]
[White "Gonzalez Rivera, Eduardo"]
[Black "Campos Calvo-Sotelo, Javier"]
[Result "1/2-1/2"]
[WhiteElo "2024"]
[BlackElo "1908"]
[PlyCount "81"]
[EventDate "2020.01.13"]
[EventType "swiss"]
[EventRounds "9"]
[EventCountry "ESP"]
[SourceTitle "Ajedrez en Madrid"]
[Source "lmi"]
[SourceDate "2020.01.13"]
[SourceVersion "1"]
[SourceVersionDate "2020.01.27"]
[SourceQuality "1"]

1. e4 e5 2. Nf3 Nf6 3. Nc3 d6 4. d4 Nbd7 5. Bc4 Be7 6. Ng5 O-O 7. Bxf7+ Rxf7 8.
Ne6 Qe8 9. Nxc7 Qd8 10. Nxa8 b5 11. dxe5 Nxe5 12. Nd5 Nxd5 13. Qxd5 Bh4 14. Be3
Bb7 15. Qxb5 Qxa8 16. O-O-O a6 17. Qb3 Bxe4 18. f3 Bg6 19. Rxd6 Kh8 20. Rxa6
Qc8 21. Rb6 Rf8 22. Rb5 Bf6 23. Rd1 h6 24. Bd4 Qf5 25. Rd2 Kh7 26. a4 Rd8 27.
Be3 Rc8 28. Rb8 Rxb8 29. Qxb8 Nc4 30. g4 Bxb2+ 31. Qxb2 Qxf3 32. Qc3 Nxe3 33.
Kb2 Nd1+ 34. Rxd1 Qxd1 35. h3 Qd5 36. Qb3 Qc5 37. Qc3 Qb6+ 38. Qb3 Qd4+ 39. Kb1
Qd1+ 40. Kb2 Qd4+ 41. Kb1 1/2-1/2

[Event "Madrid ch Veteranos  2019-2020"]
[Site "Maddrid ESP"]
[Date "2020.01.23"]
[Round "9.3"]
[White "Camarero Izquierdo, Juan Carlos"]
[Black "Nuñez Muñoz, Jesus"]
[Result "0-1"]
[WhiteElo "1807"]
[BlackElo "2162"]
[PlyCount "64"]
[EventDate "2020.01.13"]
[EventType "swiss"]
[EventRounds "9"]
[EventCountry "ESP"]
[SourceTitle "Ajedrez en Madrid"]
[Source "lmi"]
[SourceDate "2020.01.13"]
[SourceVersion "1"]
[SourceVersionDate "2020.01.27"]
[SourceQuality "1"]

1. e4 c5 2. Nf3 Nc6 3. d4 cxd4 4. Nxd4 Nf6 5. Nc3 d6 6. Bg5 e6 7. f3 a6 8. Qd2
Bd7 9. O-O-O Be7 10. h4 h5 11. Kb1 Qc7 12. Nb3 b5 13. Bf4 Ne5 14. Bxe5 dxe5 15.
Bd3 Rc8 16. g3 Bc6 17. Ne2 g6 18. Rhe1 Kf8 19. Ng1 Kg7 20. Nh3 Rhd8 21. Qg2 a5
22. g4 a4 23. Nc1 a3 24. gxh5 Nxh5 25. Ng5 axb2 26. Ne2 Ra8 27. Rg1 Be8 28.
Kxb2 Ba3+ 29. Kb3 Qa5 30. c4 Qa4+ 31. Kc3 Qb4+ 32. Kc2 Qb2# 0-1

[Event "Madrid ch Veteranos  2019-2020"]
[Site "Maddrid ESP"]
[Date "2020.01.23"]
[Round "9.4"]
[White "Pastor Alonso De Prado, Alberto"]
[Black "Lopez de Turiso, Jose Angel"]
[Result "1-0"]
[WhiteElo "2074"]
[BlackElo "1893"]
[PlyCount "89"]
[EventDate "2020.01.13"]
[EventType "swiss"]
[EventRounds "9"]
[EventCountry "ESP"]
[SourceTitle "Ajedrez en Madrid"]
[Source "lmi"]
[SourceDate "2020.01.13"]
[SourceVersion "1"]
[SourceVersionDate "2020.01.27"]
[SourceQuality "1"]

1. e4 e6 2. d4 d5 3. e5 c5 4. c3 Qb6 5. Nf3 Nc6 6. Be2 Nh6 7. Bxh6 gxh6 8. Qd2
Bg7 9. O-O O-O 10. Na3 Bd7 11. Nc2 cxd4 12. cxd4 a5 13. b4 axb4 14. Rfb1 Ra4
15. Rb3 Rfa8 16. a3 Qa5 17. Nfe1 bxa3 18. Qf4 Nxe5 19. Rxb7 Ng6 20. Qe3 Bc6 21.
Rb3 Bf8 22. g3 a2 23. Nf3 Bg7 24. h4 Qa7 25. h5 Ne7 26. g4 Rb8 27. Nd2 Be8 28.
Kh1 Rxb3 29. Nxb3 Qb8 30. Rg1 Ra7 31. Nca1 Rb7 32. Bd1 e5 33. Bc2 exd4 34. Qd3
f5 35. gxf5 Bb5 36. Qxd4 Nc6 37. Qxd5+ Kh8 38. Nc5 Nb4 39. Qe6 Rb6 40. f6 Qa8+
41. Kh2 Rxe6 42. fxg7+ Kg8 43. Bb3 Qb8+ 44. Rg3 Bd7 45. Nxd7 1-0

[Event "Madrid ch Veteranos  2019-2020"]
[Site "Maddrid ESP"]
[Date "2020.01.23"]
[Round "9.5"]
[White "Vazquez Gonzalez, Francisco"]
[Black "Martin Rodriguez, Emilio"]
[Result "0-1"]
[WhiteElo "1931"]
[BlackElo "2026"]
[PlyCount "102"]
[EventDate "2020.01.13"]
[EventType "swiss"]
[EventRounds "9"]
[EventCountry "ESP"]
[SourceTitle "Ajedrez en Madrid"]
[Source "lmi"]
[SourceDate "2020.01.13"]
[SourceVersion "1"]
[SourceVersionDate "2020.01.27"]
[SourceQuality "1"]

1. e4 e6 2. d4 d5 3. e5 c5 4. c3 Nc6 5. Be3 Qb6 6. Qd2 Bd7 7. Nf3 cxd4 8. cxd4
Nge7 9. Bd3 Nf5 10. Bxf5 exf5 11. O-O Bb4 12. Nc3 Bxc3 13. bxc3 Na5 14. Rab1
Qc6 15. Qb2 O-O 16. Nd2 b6 17. Qb4 Rac8 18. Rfc1 Rfe8 19. Bf4 Re6 20. Nf1 h6
21. h4 Nc4 22. Qb3 Re7 23. Qd1 Qg6 24. Ne3 Be6 25. Rb4 Nxe3 26. Bxe3 Rec7 27.
c4 f4 28. Bxf4 Qe4 29. Qd2 Rxc4 30. Rbxc4 dxc4 31. Re1 Qf5 32. f3 Bd5 33. Rc1
b5 34. Be3 Rc6 35. Qc3 Rg6 36. Kf1 Rxg2 37. Bf2 Bxf3 38. Qe3 Qh3 39. Ke1 c3 40.
Qxc3 Qh1+ 41. Kd2 Rxf2+ 42. Ke3 Re2+ 43. Kd3 Qg2 44. Qc8+ Kh7 45. Qf5+ Qg6 46.
Qxg6+ Kxg6 47. Rg1+ Rg2 48. Rb1 Rxa2 49. Kc3 a6 50. Kb4 Ra4+ 51. Kc5 Rc4+ 0-1

[Event "Madrid ch Veteranos  2019-2020"]
[Site "Maddrid ESP"]
[Date "2020.01.23"]
[Round "9.6"]
[White "Cabanas Bravo, Juan Andres"]
[Black "De la Orden Alcocer, Alejandro"]
[Result "0-1"]
[WhiteElo "1947"]
[BlackElo "1972"]
[PlyCount "178"]
[EventDate "2020.01.13"]
[EventType "swiss"]
[EventRounds "9"]
[EventCountry "ESP"]
[SourceTitle "Ajedrez en Madrid"]
[Source "lmi"]
[SourceDate "2020.01.13"]
[SourceVersion "1"]
[SourceVersionDate "2020.01.27"]
[SourceQuality "1"]

1. e4 c5 2. Nf3 Nc6 3. d4 cxd4 4. Nxd4 Qb6 5. Nb3 Nf6 6. Nc3 e6 7. Be3 Qc7 8.
Nb5 Qb8 9. Bd3 d5 10. exd5 Nxd5 11. Bd2 Be7 12. g3 Qe5+ 13. Qe2 Qxe2+ 14. Bxe2
a6 15. Nc3 Nxc3 16. Bxc3 Bb4 17. Bxb4 Nxb4 18. Bd1 Bd7 19. a3 Bc6 20. O-O Nd5
21. Bf3 O-O-O 22. Nd4 Ne7 23. Nxc6 Nxc6 24. Bxc6 bxc6 25. Rfd1 Rd5 26. c4 Rc5
27. Rac1 Rd8 28. Rxd8+ Kxd8 29. b4 Re5 30. Kf1 g5 31. Rc3 Re4 32. f3 Rd4 33.
Ke2 Ke7 34. c5 h5 35. Rd3 Rxd3 36. Kxd3 e5 37. a4 f5 38. Kc4 g4 39. fxg4 hxg4
40. b5 axb5+ 41. axb5 cxb5+ 42. Kxb5 Kd8 43. Kc4 e4 44. Kc3 Kd7 45. Kd4 Kc7 46.
Kc3 Kd8 47. Kc4 Ke7 48. Kc3 Ke6 49. Kc4 Ke5 50. Kb5 e3 51. c6 Kd6 52. Kb6 e2
53. c7 e1=Q 54. c8=Q Qb4+ 55. Ka6 Qa4+ 56. Kb6 Qd4+ 57. Kb5 Qd5+ 58. Kb4 Qd2+
59. Kb5 Qb2+ 60. Ka5 Qa2+ 61. Kb5 Qb1+ 62. Ka5 Kd5 63. Qa8+ Kd4 64. Qa7+ Ke4
65. Qf2 Qc1 66. Qg2+ Ke3 67. h4 gxh3 68. Qxh3 Qc5+ 69. Ka4 Qc4+ 70. Ka3 Qg4 71.
Qg2 Qf3 72. Qg1+ Ke2+ 73. Kb4 Qf2 74. Qc1 Qd4+ 75. Kb5 Kf3 76. Qe1 Kg4 77. Qe6
Qd3+ 78. Kc5 Kxg3 79. Qg6+ Kf2 80. Qh5 Qe3+ 81. Kd6 Qg3+ 82. Ke6 f4 83. Kf5 f3
84. Ke4 Kg2 85. Kd4 Qf4+ 86. Kd5 f2 87. Qg6+ Qg3 88. Qc2 Kg1 89. Qc5 Qg5+ 0-1

[Event "Madrid ch Veteranos  2019-2020"]
[Site "Maddrid ESP"]
[Date "2020.01.23"]
[Round "9.7"]
[White "Alonso Abad, Enrique"]
[Black "Sanchez Peral, Pedro"]
[Result "1-0"]
[WhiteElo "2002"]
[BlackElo "1818"]
[PlyCount "57"]
[EventDate "2020.01.13"]
[EventType "swiss"]
[EventRounds "9"]
[EventCountry "ESP"]
[SourceTitle "Ajedrez en Madrid"]
[Source "lmi"]
[SourceDate "2020.01.13"]
[SourceVersion "1"]
[SourceVersionDate "2020.01.27"]
[SourceQuality "1"]

1. e4 c5 2. Nc3 Nc6 3. g3 g6 4. Bg2 Bg7 5. d3 e6 6. f4 Nge7 7. Nf3 O-O 8. O-O
d5 9. e5 Bd7 10. Kh1 Rc8 11. d4 cxd4 12. Nxd4 Nxd4 13. Qxd4 Nc6 14. Qf2 a6 15.
Be3 f5 16. Rfd1 Ne7 17. Bb6 Qe8 18. Qd2 Bc6 19. Ne2 Qd7 20. Nd4 g5 21. Nb3 d4
22. Nxd4 Bxg2+ 23. Qxg2 gxf4 24. Nxf5 Qxd1+ 25. Rxd1 Rxf5 26. Qxb7 Re8 27. gxf4
Nd5 28. Qc6 Re7 29. Bc5 1-0

[Event "Madrid ch Veteranos  2019-2020"]
[Site "Maddrid ESP"]
[Date "2020.01.23"]
[Round "9.8"]
[White "Esteban Amo, Jose M."]
[Black "Serrano Baylin, Francisco"]
[Result "1-0"]
[WhiteElo "1905"]
[BlackElo "1956"]
[PlyCount "95"]
[EventDate "2020.01.13"]
[EventType "swiss"]
[EventRounds "9"]
[EventCountry "ESP"]
[SourceTitle "Ajedrez en Madrid"]
[Source "lmi"]
[SourceDate "2020.01.13"]
[SourceVersion "1"]
[SourceVersionDate "2020.01.27"]
[SourceQuality "1"]

1. d4 Nf6 2. Nf3 g6 3. b3 Bg7 4. Bb2 d5 5. Nbd2 O-O 6. e3 Bg4 7. Be2 Nbd7 8.
O-O c6 9. h3 Bxf3 10. Bxf3 Re8 11. c4 e6 12. Re1 Rb8 13. Qc2 b5 14. Rab1 b4 15.
Rbc1 Qa5 16. e4 Nb6 17. c5 Na8 18. e5 Nd7 19. Bg4 Qd8 20. g3 Nc7 21. h4 h5 22.
Bh3 Nb5 23. Nf3 Bh6 24. Rcd1 Qe7 25. Bc1 Qf8 26. Bg5 Qg7 27. Qd2 Bxg5 28. Nxg5
Nc3 29. Ra1 a5 30. Re3 Nf8 31. Rf3 Re7 32. a3 Rd7 33. axb4 Ne4 34. Qe3 Nxg5 35.
hxg5 axb4 36. Ra6 Rc7 37. Qd2 Nh7 38. Rd3 Qf8 39. f4 Qd8 40. Qa2 Rcb7 41. Rd1
Nf8 42. Ra1 Nd7 43. Qa4 Rc7 44. Bf1 Kg7 45. Kf2 Rbb7 46. Ra8 Nb8 47. Ba6 h4 48.
Bxb7 1-0

[Event "Madrid ch Veteranos  2019-2020"]
[Site "Maddrid ESP"]
[Date "2020.01.23"]
[Round "9.9"]
[White "De Paz Nistal, Santiago"]
[Black "Garcia Martin, Esteban"]
[Result "1/2-1/2"]
[WhiteElo "1920"]
[BlackElo "1856"]
[PlyCount "35"]
[EventDate "2020.01.13"]
[EventType "swiss"]
[EventRounds "9"]
[EventCountry "ESP"]
[SourceTitle "Ajedrez en Madrid"]
[Source "lmi"]
[SourceDate "2020.01.13"]
[SourceVersion "1"]
[SourceVersionDate "2020.01.27"]
[SourceQuality "1"]

1. e4 c5 2. Nc3 Nc6 3. g3 g6 4. Bg2 Bg7 5. d3 d6 6. Be3 h5 7. Nf3 e5 8. Qd2 Nd4
9. h3 Ne7 10. Ne2 Nxf3+ 11. Bxf3 Be6 12. Bg2 Qc7 13. Nc3 a6 14. O-O Rd8 15. Nd5
Nxd5 16. exd5 Bf5 17. Rab1 O-O 18. Bh6 1/2-1/2

[Event "Madrid ch Veteranos  2019-2020"]
[Site "Maddrid ESP"]
[Date "2020.01.23"]
[Round "9.10"]
[White "Minguela Munoz, Bienvenido"]
[Black "Marin Aso, Jose Luis"]
[Result "1/2-1/2"]
[WhiteElo "1808"]
[BlackElo "1907"]
[PlyCount "106"]
[EventDate "2020.01.13"]
[EventType "swiss"]
[EventRounds "9"]
[EventCountry "ESP"]
[SourceTitle "Ajedrez en Madrid"]
[Source "lmi"]
[SourceDate "2020.01.13"]
[SourceVersion "1"]
[SourceVersionDate "2020.01.27"]
[SourceQuality "1"]

1. c4 Nf6 2. Nc3 g6 3. d4 Bg7 4. e4 d6 5. Nf3 O-O 6. Be2 Nbd7 7. O-O e5 8. d5
Nc5 9. Nd2 a5 10. Qc2 Nfd7 11. Nb3 f5 12. f3 Nf6 13. Nxc5 dxc5 14. Be3 Qe7 15.
Rad1 Nh5 16. exf5 gxf5 17. Na4 b6 18. d6 cxd6 19. Nxb6 Rb8 20. Nd5 Qf7 21. b3
Bb7 22. Rd2 f4 23. Bf2 Nf6 24. Nc3 Ne8 25. Ne4 Qg6 26. Bd3 Qh6 27. Rfd1 Rf5 28.
Bf1 Rh5 29. h3 Bf8 30. Qc3 Bxe4 31. fxe4 Rb4 32. Be2 Rg5 33. Bg4 Ng7 34. Qf3
Qg6 35. Bh4 h5 36. Bxg5 Qxg5 37. Bd7 Rb6 38. Kh1 Qe7 39. Bb5 Qg5 40. Rg1 Ne6
41. Be8 h4 42. Qh5 Qxh5 43. Bxh5 Nd4 44. Be8 Bh6 45. Bh5 Kf8 46. Rf2 Ke7 47.
Bf3 Rb8 48. Rd1 Bg7 49. Rd3 Bf6 50. Rb2 a4 51. Bd1 a3 52. Rbd2 Kf8 53. Bg4 Ke7
1/2-1/2

[Event "Madrid ch Veteranos  2019-2020"]
[Site "Maddrid ESP"]
[Date "2020.01.23"]
[Round "9.11"]
[White "Lozano Sanchez, Jose Antonio"]
[Black "Viñas Lopez, Carlos"]
[Result "0-1"]
[WhiteElo "1812"]
[BlackElo "1860"]
[PlyCount "124"]
[EventDate "2020.01.13"]
[EventType "swiss"]
[EventRounds "9"]
[EventCountry "ESP"]
[SourceTitle "Ajedrez en Madrid"]
[Source "lmi"]
[SourceDate "2020.01.13"]
[SourceVersion "1"]
[SourceVersionDate "2020.01.27"]
[SourceQuality "1"]

1. e4 c5 2. Nf3 e6 3. Nc3 Nc6 4. Bc4 a6 5. a4 g6 6. d3 Bg7 7. Bf4 d6 8. O-O
Nge7 9. Re1 O-O 10. Qd2 Re8 11. Rab1 Nd4 12. Nxd4 cxd4 13. Ne2 Bd7 14. a5 Bc6
15. b4 d5 16. exd5 Nxd5 17. Bh6 Bh8 18. Nf4 Nxf4 19. Bxf4 Bd5 20. Bxd5 Qxd5 21.
Bc7 Bg7 22. Qf4 Rac8 23. Be5 Rxc2 24. Re4 Bxe5 25. Rxe5 Qd6 26. Re4 Qxf4 27.
Rxf4 e5 28. Re4 Rd2 29. f4 f6 30. b5 axb5 31. Rxb5 Rc8 32. h4 Rcc2 33. fxe5
Rxg2+ 34. Kh1 Rgd2 35. Re1 fxe5 36. Rbxe5 Ra2 37. Rb5 Rab2 38. Rxb2 Rxb2 39.
Re4 Rb4 40. Kg2 Kf7 41. Kf3 Kf6 42. Kg4 h6 43. Kf4 Ra4 44. Kg4 Rxa5 45. Rxd4
Re5 46. Rd6+ Re6 47. Rd5 Ke7 48. Kf4 Rd6 49. Re5+ Kf6 50. Re3 b5 51. Rf3 b4 52.
Ke4+ Ke6 53. d4 Rb6 54. d5+ Kd7 55. Rb3 Kd6 56. Kd4 Rb8 57. Ke4 Rb7 58. Kd4 g5
59. hxg5 hxg5 60. Ke4 Kc5 61. Kf5 Kxd5 62. Kxg5 Kc4 0-1

[Event "Madrid ch Veteranos  2019-2020"]
[Site "Maddrid ESP"]
[Date "2020.01.23"]
[Round "9.12"]
[White "Fernandez Garcia, Ignacio"]
[Black "Garcia Galeote, Lorenzo"]
[Result "0-1"]
[WhiteElo "1770"]
[BlackElo "1901"]
[PlyCount "86"]
[EventDate "2020.01.13"]
[EventType "swiss"]
[EventRounds "9"]
[EventCountry "ESP"]
[SourceTitle "Ajedrez en Madrid"]
[Source "lmi"]
[SourceDate "2020.01.13"]
[SourceVersion "1"]
[SourceVersionDate "2020.01.27"]
[SourceQuality "1"]

1. e4 d5 2. exd5 Qxd5 3. Nc3 Qd6 4. Nf3 Nf6 5. Nb5 Qd7 6. d4 c6 7. Ne5 Qd8 8.
Bc4 e6 9. Nc3 Be7 10. Be3 O-O 11. Qf3 Nbd7 12. O-O-O Nb6 13. Bd3 Nbd5 14. Nxd5
cxd5 15. g4 Nd7 16. Qh3 g6 17. Bh6 Nxe5 18. Bxf8 Nxd3+ 19. Qxd3 Bxf8 20. h4 Qf6
21. Qg3 Bd7 22. f4 Bd6 23. Rhf1 Rc8 24. h5 g5 25. Qb3 Bxf4+ 26. Kb1 Rc7 27. Qa3
a6 28. Qa5 Qd8 29. Rf3 Qc8 30. c3 Rc4 31. b3 Qc7 32. Qa3 Rxc3 33. Rxc3 Qxc3 34.
Qe7 Qc8 35. Rf1 Bb5 36. Rxf4 Bd3+ 37. Kb2 gxf4 38. Qg5+ Kf8 39. Qxf4 Ke7 40.
Ka3 a5 41. Qd2 b5 42. Qg5+ Kd7 43. Qf4 b4+ 0-1

[Event "Madrid ch Veteranos  2019-2020"]
[Site "Maddrid ESP"]
[Date "2020.01.23"]
[Round "9.13"]
[White "Hernandez Gutierrez, Jose"]
[Black "Garcia Herranz, Jesus"]
[Result "1-0"]
[WhiteElo "1785"]
[BlackElo "1853"]
[PlyCount "110"]
[EventDate "2020.01.13"]
[EventType "swiss"]
[EventRounds "9"]
[EventCountry "ESP"]
[SourceTitle "Ajedrez en Madrid"]
[Source "lmi"]
[SourceDate "2020.01.13"]
[SourceVersion "1"]
[SourceVersionDate "2020.01.27"]
[SourceQuality "1"]

1. d4 Nf6 2. c4 e6 3. g3 d5 4. Nf3 c6 5. Bg2 Bd6 6. b3 Nbd7 7. O-O O-O 8. Ba3
Bxa3 9. Nxa3 Qe7 10. Nc2 Ne4 11. Qd3 f6 12. Nd2 f5 13. f3 Nxd2 14. Qxd2 Nf6 15.
Qf4 Bd7 16. Ne1 h6 17. Nd3 Be8 18. Ne5 g5 19. Qd2 Nd7 20. Nd3 Bg6 21. f4 g4 22.
c5 Kg7 23. b4 a6 24. a4 h5 25. b5 axb5 26. axb5 Nf6 27. bxc6 bxc6 28. Ne5 Qc7
29. Rxa8 Rxa8 30. Rb1 Ne4 31. Bxe4 dxe4 32. e3 h4 33. Qb2 hxg3 34. hxg3 Kf6 35.
Nxc6 Be8 36. d5+ Kg6 37. Ne5+ Kh6 38. Qb6 Qxb6 39. Rxb6 Ra1+ 40. Kf2 Ra2+ 41.
Ke1 Ba4 42. Rxe6+ Kg7 43. Re7+ Kf8 44. Rf7+ Ke8 45. d6 Ra1+ 46. Kd2 Rd1+ 47.
Kc3 Rd3+ 48. Nxd3 Kxf7 49. Ne5+ Ke6 50. Kd4 Bb5 51. Kc3 Ba6 52. d7 Ke7 53. Kb4
Bb7 54. Kb5 Bd5 55. Kb6 Kd8 1-0

[Event "Madrid ch Veteranos  2019-2020"]
[Site "Maddrid ESP"]
[Date "2020.01.23"]
[Round "9.14"]
[White "Campos Calvo-Sotelo, Juan"]
[Black "Corredor Gonzalez, Angel L."]
[Result "0-1"]
[WhiteElo "1850"]
[BlackElo "1733"]
[PlyCount "110"]
[EventDate "2020.01.13"]
[EventType "swiss"]
[EventRounds "9"]
[EventCountry "ESP"]
[SourceTitle "Ajedrez en Madrid"]
[Source "lmi"]
[SourceDate "2020.01.13"]
[SourceVersion "1"]
[SourceVersionDate "2020.01.27"]
[SourceQuality "1"]

1. b4 d5 2. e3 Nf6 3. c4 d4 4. c5 e5 5. Nf3 Bg4 6. Qb3 Bxf3 7. gxf3 b6 8. Bc4
Qd7 9. cxb6 axb6 10. a4 Bd6 11. Na3 O-O 12. b5 Qh3 13. Ke2 Qg2 14. Bb2 e4 15.
Rag1 Qxf3+ 16. Ke1 d3 17. Qd1 Qxd1+ 18. Kxd1 Nbd7 19. Bb3 Be5 20. Kc1 Bxb2+ 21.
Kxb2 Nc5 22. Rg5 Nxa4+ 23. Bxa4 Rxa4 24. Kb3 Rfa8 25. Nc4 Nd7 26. Rhg1 g6 27.
h4 Nc5+ 28. Kc3 Ra1 29. h5 Rxg1 30. Rxg1 Kg7 31. hxg6 fxg6 32. Kd4 Rf8 33. Rg2
Kf6 34. Kd5 h5 35. Kc6 Rf7 36. Rh2 Rh7 37. f3 g5 38. fxe4 Nxe4 39. Nb2 Nc5 40.
Rf2+ Kg6 41. Nc4 g4 42. Ne5+ Kg5 43. Rg2 Kh4 44. Ng6+ Kg5 45. Ne5 Rh6+ 46. Kxc7
Rf6 47. Nc6 h4 48. Kxb6 Ne4 49. Kc7 g3 50. b6 h3 51. b7 Rf7+ 52. Kb6 Rxb7+ 53.
Kxb7 hxg2 54. Ne5 Nxd2 55. Kc6 g1=Q 0-1

[Event "Madrid ch Veteranos  2019-2020"]
[Site "Maddrid ESP"]
[Date "2020.01.23"]
[Round "9.15"]
[White "Jimenez Ascarza, Jose Ignacio"]
[Black "Pashov, Spas Nikolov"]
[Result "0-1"]
[WhiteElo "1436"]
[BlackElo "1847"]
[PlyCount "126"]
[EventDate "2020.01.13"]
[EventType "swiss"]
[EventRounds "9"]
[EventCountry "ESP"]
[SourceTitle "Ajedrez en Madrid"]
[Source "lmi"]
[SourceDate "2020.01.13"]
[SourceVersion "1"]
[SourceVersionDate "2020.01.27"]
[SourceQuality "1"]

1. e4 e5 2. Nf3 Nc6 3. Bb5 f5 4. Nc3 fxe4 5. Nxe4 Nge7 6. d4 d5 7. Ng3 e4 8.
Ne5 Bd7 9. Nxd7 Qxd7 10. O-O Ng6 11. Be2 Bd6 12. f4 O-O 13. f5 Bxg3 14. hxg3
Rxf5 15. Bf4 Rf6 16. Bg4 Qf7 17. Qd2 Rf8 18. c3 Nd8 19. Rf2 Nxf4 20. gxf4 Rxf4
21. Rxf4 Qxf4 22. Qe2 c6 23. a4 Rf6 24. Bh3 Nf7 25. Qg4 Ng5 26. Qc8+ Rf8 27.
Qd7 Qe3+ 28. Kh1 Nxh3 29. gxh3 Qf3+ 30. Kh2 h6 31. Rg1 Rf7 32. Qe6 Kh8 33. Qg6
e3 34. Qe6 Qf4+ 35. Kh1 Qe4+ 36. Qxe4 dxe4 37. Re1 Rf3 38. Kg2 Kg8 39. b4 Kf7
40. c4 Ke6 41. Re2 b5 42. axb5 cxb5 43. c5 Kd5 44. Rc2 Rf6 45. Kg1 a6 46. Kg2
h5 47. Kg1 h4 48. Kg2 g5 49. Kg1 Rc6 50. Rg2 Kxd4 51. Rxg5 Kc4 52. Rg4 Kxb4 53.
Rxe4+ Kxc5 54. Rxh4 Re6 55. Kf1 a5 56. Rh8 e2+ 57. Ke1 b4 58. h4 a4 59. h5 b3
60. h6 b2 61. Rb8 Rb6 62. Rxb6 Kxb6 63. h7 b1=Q+ 0-1

[Event "Madrid ch Veteranos  2019-2020"]
[Site "Maddrid ESP"]
[Date "2020.01.23"]
[Round "9.17"]
[White "Gonzalez-Ruano Perez, Cesar"]
[Black "Chidichimo, Pedro Jose Maria"]
[Result "1-0"]
[WhiteElo "1837"]
[BlackElo "1802"]
[PlyCount "99"]
[EventDate "2020.01.13"]
[EventType "swiss"]
[EventRounds "9"]
[EventCountry "ESP"]
[SourceTitle "Ajedrez en Madrid"]
[Source "lmi"]
[SourceDate "2020.01.13"]
[SourceVersion "1"]
[SourceVersionDate "2020.01.27"]
[SourceQuality "1"]

1. e4 d6 2. Nf3 Nf6 3. d3 e5 4. Nbd2 Be7 5. h3 c6 6. Be2 Nbd7 7. c3 a5 8. Qc2
Qc7 9. Nf1 h6 10. Be3 Nf8 11. Ng3 g5 12. O-O-O Ng6 13. Nd2 b5 14. d4 Nf4 15.
Bf3 Be6 16. Kb1 Rb8 17. Bxf4 gxf4 18. Nf5 b4 19. Ng7+ Kf8 20. Nxe6+ fxe6 21.
dxe5 bxc3 22. Qxc3 dxe5 23. Nc4 Rb5 24. Rd3 Bb4 25. Qc1 Bc5 26. Rhd1 Bd4 27.
Rxd4 exd4 28. e5 Nd5 29. Bxd5 Rxd5 30. Qxf4+ Qf7 31. Rxd4 Qxf4 32. Rxf4+ Ke7
33. Rg4 Rf8 34. f3 Rc5 35. Re4 Rf5 36. b3 h5 37. Kb2 Rd5 38. Ne3 Rdxe5 39.
Nxf5+ Rxf5 40. b4 Rd5 41. bxa5 Rxa5 42. g4 hxg4 43. fxg4 Kd6 44. Re1 Kd5 45. g5
e5 46. g6 Ra7 47. h4 Ke6 48. Rf1 Ra4 49. Rg1 Ra8 50. h5 1-0

[Event "Madrid ch Veteranos  2019-2020"]
[Site "Maddrid ESP"]
[Date "2020.01.23"]
[Round "9.18"]
[White "Prieto Gonzalez, Cesar"]
[Black "Barahona Torrijos, Angel"]
[Result "0-1"]
[WhiteElo "1480"]
[BlackElo "1857"]
[PlyCount "82"]
[EventDate "2020.01.13"]
[EventType "swiss"]
[EventRounds "9"]
[EventCountry "ESP"]
[SourceTitle "Ajedrez en Madrid"]
[Source "lmi"]
[SourceDate "2020.01.13"]
[SourceVersion "1"]
[SourceVersionDate "2020.01.27"]
[SourceQuality "1"]

1. e4 e5 2. Nf3 Nc6 3. Bb5 Nd4 4. Nxd4 exd4 5. d3 c6 6. Bc4 Nf6 7. O-O d6 8. h3
Be7 9. Re1 O-O 10. Nd2 Be6 11. Bxe6 fxe6 12. Nf3 e5 13. Bg5 h6 14. Bd2 Nd7 15.
Rf1 Qe8 16. Nh2 Qf7 17. Bxh6 gxh6 18. Qg4+ Bg5 19. h4 Nf6 20. Qg3 Qg6 21. hxg5
Nh5 22. Qg4 Rf4 23. Qe2 hxg5 24. g3 Rf7 25. Kg2 Raf8 26. f3 Nf6 27. Ng4 Nxg4
28. fxg4 Kg7 29. Rxf7+ Qxf7 30. Rf1 Qxf1+ 31. Qxf1 Rxf1 32. Kxf1 d5 33. Ke2
dxe4 34. dxe4 c5 35. a4 c4 36. b4 cxb3 37. cxb3 a5 38. Kd3 Kf7 39. Kc4 Ke6 40.
b4 b6 41. bxa5 bxa5 0-1

[Event "Madrid ch Veteranos  2019-2020"]
[Site "Maddrid ESP"]
[Date "2020.01.23"]
[Round "9.19"]
[White "Calderon Martin, Antonio"]
[Black "Sotoca Aguado, Jose"]
[Result "0-1"]
[WhiteElo "1614"]
[BlackElo "1905"]
[PlyCount "70"]
[EventDate "2020.01.13"]
[EventType "swiss"]
[EventRounds "9"]
[EventCountry "ESP"]
[SourceTitle "Ajedrez en Madrid"]
[Source "lmi"]
[SourceDate "2020.01.13"]
[SourceVersion "1"]
[SourceVersionDate "2020.01.27"]
[SourceQuality "1"]

1. e4 c6 2. d4 d5 3. exd5 cxd5 4. Bd3 Nc6 5. c3 Nf6 6. Bf4 g6 7. h3 Bg7 8. Nf3
O-O 9. Nbd2 Qb6 10. Qb3 Qxb3 11. axb3 Nd7 12. O-O e5 13. dxe5 Ndxe5 14. Bb5 Bf5
15. Bxc6 Nxc6 16. Be3 a6 17. Nd4 Nxd4 18. Bxd4 Bxd4 19. cxd4 Rac8 20. Rac1 Rfe8
21. Nf3 f6 22. Rc5 Re2 23. Rxc8+ Bxc8 24. Rc1 Bd7 25. Rb1 Kf7 26. g4 h6 27. Rc1
Bc6 28. Rb1 Rc2 29. Ne1 Rd2 30. Nf3 Rd3 31. Kg2 Rxb3 32. Ne1 a5 33. Nc2 a4 34.
f3 Bb5 35. Na3 Bd3 0-1

[Event "Madrid ch Veteranos  2019-2020"]
[Site "Maddrid ESP"]
[Date "2020.01.23"]
[Round "9.21"]
[White "Martinez Miura, Enrique"]
[Black "Lopez Orellana, Federico"]
[Result "1/2-1/2"]
[WhiteElo "1561"]
[BlackElo "1714"]
[PlyCount "36"]
[EventDate "2020.01.13"]
[EventType "swiss"]
[EventRounds "9"]
[EventCountry "ESP"]
[SourceTitle "Ajedrez en Madrid"]
[Source "lmi"]
[SourceDate "2020.01.13"]
[SourceVersion "1"]
[SourceVersionDate "2020.01.27"]
[SourceQuality "1"]

1. e4 c6 2. d4 d5 3. e5 c5 4. c3 e6 5. Bb5+ Bd7 6. Bxd7+ Qxd7 7. Nf3 Nc6 8. Be3
cxd4 9. cxd4 Bb4+ 10. Nc3 Nge7 11. Rc1 Nf5 12. O-O O-O 13. a3 Bxc3 14. Rxc3
Rac8 15. Qd2 Nxe3 16. Rxe3 Ne7 17. Rc1 Rxc1+ 18. Qxc1 Rc8 1/2-1/2